000
00290nam a22001217a 4500
008
180222b xxu||||| |||| 00| 0 eng d
041
_a
eng
080
_2
9 ed
_a
33
100
_a
56
101
_a
bus
245
_a
business data communications and networking
_c
fitz.g.d
942
_2
udc
_c
BK
999
_c
43123
_d
43123